00537nam a22002177a 450000500170000001000110001702000100002803500110003803700160004904000120006508200130007710000230009024500520011325000210016526000410018627000110022730000200023850000190025865000340027765000080031120170124105932.0 a558055 c00.00 a558055 bCen Lib/Ret aDPLbEN a340bIYE aS. Ramaswamy, Iyer aEverybody's book of law /cby S. Ramaswamy Iyer arev. enl. 2nd ed aBombayb Asia Publishing Housec1961 bBombay a395p.c21cm(Hb) aIncludes index aLaw -- India -- Popular works aLaw